LEADER 01339nam--2200409---450- 001 990003647280203316 005 20120403153721.0 010 $a978-88-6633-044-8 035 $a000364728 035 $aUSA01000364728 035 $a(ALEPH)000364728USA01 035 $a000364728 100 $a20120403d2011----km-y0itay50------ba 101 0 $aita$afre 102 $aIT 105 $ay|||z|||101yy 200 1 $a1989-2009$ela caduta del muro: venti anni dopo$eatti del Convegno internazionale di studi, Venezia, 17-18 dicembre 2009$fa cura di Iliana Krapova, Francesca Fornari, Alessandro Scarsella 210 $aBologna$cArchetipolibri$d2011 215 $aVIII, 153 p.$d21 cm 225 2 $aLongitudini 410 0$12001$aLongitudini 517 1 $a<> caduta del muro: venti anni dopo 607 0$aEuropa$z1989-2009$xAtti di congressi$2BNCF 676 $a940.5 702 1$aKRAPOVA,$bIliana 702 1$aFORNARI,$bFrancesca 702 1$aSCARSELLA,$bAlessandro 801 0$aIT$bsalbc$gISBD 912 $a990003647280203316 951 $aX.3.B. 6451$b235554 L.M.$cX.3.$d00309160 959 $aBK 969 $aUMA 979 $aANNAMARIA$b90$c20120403$lUSA01$h1520 979 $aANNAMARIA$b90$c20120403$lUSA01$h1523 979 $aANNAMARIA$b90$c20120403$lUSA01$h1537 996 $a1989-2009$91139719 997 $aUNISA LEADER 00876cam0-2200289 --450 001 9910840298903321 005 20240320161746.0 010 $a978-88-338-1276-2 020 $aIT$b2023-8857 100 $a20240320d2021----kmuy0itay5050 ba 101 0 $aita 102 $aIT 105 $ay 001yy 200 1 $a<>atelier del mondo$el'Internazionale e l'Europa nel pensiero dei socialisti italiani e francesi (1945-1962)$fEnrico Pugliese 210 $aRoma$cEfesto$d2021 215 $a228 p.$d21 cm 225 1 $aDe ortibus et occasibus 610 0 $aSocialismo$aEuropa$a1945-1962 676 $a335.0094$v23$zita 700 1$aPugliese,$bEnrico$f<1942- >$0307375 801 0$aIT$bUNINA$gREICAT$2UNIMARC 901 $aBK 912 $a9910840298903321 952 $aSTO 191$b537/2024$fFSPBC 959 $aFSPBC 996 $aAtelier del mondo$94140658 997 $aUNINA